000 00245nam a22000857a 4500
999 _c516616
_d516616
100 _aPande A. K.
_923155
245 _aGrit that defied odds :
_bReflections of a revenue officer
_cby A. K. Pande
260 _aDelhi
_bKonark Pub.
_c2008
300 _a197p.